000 00363nam a2200133Ia 4500
008 240624s9999 xx 000 0 und d
041 _aeng
082 _a346.048 SUB
100 _aSUBBARAM NR
245 _aDEMYSTIFYING INTELLECTUAL PROPERTY RIGHT
260 _c2009
_aNagpur
_bLexis Nexis Butterworths Wadhwa
300 _a1021 : p. : cm. ; 24
365 _cRS
_b27
999 _c20243
_d20243